UBT Library

Introduction to biomechanic analysis of sport / (Record no. 42661)

000 -LEADER
fixed length control field 00595cam a2200217 i 4500
001 - CONTROL NUMBER
control field 4630215
005 - DATE AND TIME OF LATEST TRANSACTION
control field 20180215071650.0
008 - FIXED-LENGTH DATA ELEMENTS--GENERAL INFORMATION
fixed length control field 790711s1979 iaua b 001 0 eng
010 ## - LIBRARY OF CONGRESS CONTROL NUMBER
LC control number 78061702
020 ## - INTERNATIONAL STANDARD BOOK NUMBER
International Standard Book Number 0697071634
040 ## - CATALOGING SOURCE
Original cataloging agency DLC
Transcribing agency DLC
Modifying agency DLC
041 ## - LANGUAGE CODE
Language code of text/sound track or separate title eng
080 ## - UNIVERSAL DECIMAL CLASSIFICATION NUMBER
Universal Decimal Classification number 612.76 NOR
082 00 - DEWEY DECIMAL CLASSIFICATION NUMBER
Classification number 612.76 NOR
100 1# - Rafti
Rafti 8
101 ## - Shkurtesa
Shkurtesa EKF
245 10 - TITLE STATEMENT
Title Introduction to biomechanic analysis of sport /
Statement of responsibility, etc John W. Northrip, Gene A. Logan, Wayne C. McKinney.
504 ## - BIBLIOGRAPHY, ETC. NOTE
Bibliography, etc Bibliography: p. 303-306.
906 ## - LOCAL DATA ELEMENT F, LDF (RLIN)
a 7
b cbc
c orignew
d 2
e opcn
f 19
g y-gencatlg
942 ## - ADDED ENTRY ELEMENTS (KOHA)
Source of classification or shelving scheme
Item type Books
Holdings
Withdrawn status Lost status Source of classification or shelving scheme Damaged status Not for loan Collection code Permanent location Current location Shelving location Date acquired Total Checkouts Full call number Barcode Date last seen Price effective from Koha item type
          Koleksioni i përgjithshem UBT - Lipjan UBT - Lipjan Koleksioni i përgjithshem 02/15/2018   612.76 NOR 002-2998492 02/15/2018 02/15/2018 Books
UBT Library © 2015-2024. All rights reserved University Education for Business and Technology